LEADER 01165nam a2200277 u 4500 001 000000053484 003 CaOOAMICUS 005 20070226115551.0 008 001116s1970 it u000 u ita u 035 $a10861417 040 $aPUL(R)$bita 100 1 $aPenati, Giancarlo,$d1927-$0(OLS)http://pul/name/34915 245 10$aOntologia e critica del concreto :$bLavelle e Merleau-Ponty /$cGiancarlo Penati. 260 $aMilano :$bMarzorati editore,$c1970. 300 $a218 p. ;$c22 cm 500 $aInclude indici. 504 $aCenni biografici p. 215. 600 14$aMerleau-Ponty, Maurice,$d1908-1961.$0(OLS)http://pul/subject/7919 600 14$aLavelle, Louis,$d1883-1951.$0(OLS)http://pul/subject/20325 650 4$aOntologia.$0(OLS)http://pul/subject/4424 850 $aPUL 852 $aPUL$W1$xDP1 Fondo Giannini$y60$m1555 A 24$j70563$nBK-PRI$b $qFondi$B70563$CPULBib$Z2$F70563 $H $81 941 1 $a1 961 $aINV: Fondo Giannini 996 $6245$aOntologia e critica del concreto :$bLavelle e Merleau-Ponty$9(OLS)http://pul/title/71753 996 $6260$aMilano :$bMarzorati editore$9(OLS)http://pul/publisher/50902 LEADER 01189nam a2200313 u 4500 001 000000079425 003 CaOOAMICUS 005 20070226123534.0 008 040603s2004 it u000 u ita u 020 $a8826314675 035 $a10997644 040 $aPUL$bita 041 1 $aita$hspa 100 1 $aVílchez Líndez, José,$d1928-$0(OLS)http://pul/name/52901 240 10$aRut y Ester.$lItaliano.$0(OLS)http://pul/title/104013 245 10$aRut ed Ester /$cJosé Vílchez Líndez. 260 $aRoma :$bBorla,$cc2004. 300 $a320 p. ;$c24 cm 490 1 $aCommenti biblici 504 $aBibliografia in nota. 630 04$aBiblia.$pV.T.$pRuth.$0(OLS)http://pul/subject/17517 630 04$aBiblia.$pV.T.$pEsther.$0(OLS)http://pul/subject/3087 830 0$aCommenti biblici.$0(OLS)http://pul/title/42582 850 $aPUL 852 $aPUL$W1$xSL Religione 3$y85$m221. 92 VILJO 1$j101635$nBK-PRI$qDDC 21$B101635$CPULBib$Z2$F101635 $HPUL94583 $82 941 1 $a9 996 $6020$a8826314675$9(OLS)http://pul/number/104413 996 $6245$aRut ed Ester$9(OLS)http://pul/title/104014 996 $6260$aRoma :$bBorla$9(OLS)http://pul/publisher/48061